Введение в профессиональную деятельность / ДО 2018 (38.03.01): электронный курс
| Hovedforfatter: | |
|---|---|
| Institution som forfatter: | |
| Summary: | Заглавие с экрана Курс «Введение в профессиональную деятельность» изучается студентами 1 курса основной образовательной программы подготовки бакалавров по направлению 38.03.02 «Менеджмент» в 1 семестре. Верхний блок электронного курса содержит общую информацию о дисциплине и электронном курсе. Перед началом обучения следует ознакомиться с этими документами. Далее курс разбит на 15 модулей в соответствии с рабочей программой. Доступ по логину и паролю |
| Sprog: | russisk |
| Udgivet: |
Томск, TPU Moodle, 2017
|
| Fag: | |
| Online adgang: | https://design.lms.tpu.ru/course/view.php?id=2647 |
| Format: | MixedMaterials Electronisk Bog |
| KOHA link: | https://koha.lib.tpu.ru/cgi-bin/koha/opac-detail.pl?biblionumber=662107 |
MARC
| LEADER | 00000nlm0a2200000 4500 | ||
|---|---|---|---|
| 001 | 662107 | ||
| 005 | 20231222134456.0 | ||
| 035 | |a (RuTPU)RU\TPU\network\33241 | ||
| 035 | |a RU\TPU\network\33212 | ||
| 090 | |a 662107 | ||
| 100 | |a 20200519d2017 m y0rusy50 ca | ||
| 101 | 0 | |a rus | |
| 102 | |a RU | ||
| 105 | |a a j 000zy | ||
| 135 | |a jrcn ---uucaa | ||
| 181 | 0 | |a i | |
| 182 | 0 | |a b | |
| 200 | 1 | |a Введение в профессиональную деятельность / ДО 2018 (38.03.01) |e электронный курс |f Г. А. Барышева |g Национальный исследовательский Томский политехнический университет, Институт социально-гуманитарных технологий, Кафедра экономики | |
| 203 | |a Текст |c электронный | ||
| 210 | |c TPU Moodle |d 2017 |a Томск | ||
| 300 | |a Заглавие с экрана | ||
| 330 | |a Курс «Введение в профессиональную деятельность» изучается студентами 1 курса основной образовательной программы подготовки бакалавров по направлению 38.03.02 «Менеджмент» в 1 семестре. Верхний блок электронного курса содержит общую информацию о дисциплине и электронном курсе. Перед началом обучения следует ознакомиться с этими документами. Далее курс разбит на 15 модулей в соответствии с рабочей программой. | ||
| 333 | |a Доступ по логину и паролю | ||
| 606 | 1 | |a Экономическая наука |x Методология |2 stltpush |3 (RuTPU)RU\TPU\subj\71477 |9 85373 | |
| 610 | 1 | |a электронный ресурс | |
| 610 | 1 | |a труды учёных ТПУ | |
| 610 | 1 | |a электронное обучение | |
| 610 | 1 | |a электронные курсы ТПУ | |
| 610 | 1 | |a электронные учебные пособия | |
| 610 | 1 | |a учебные пособия | |
| 610 | 1 | |a дистанционное обучение | |
| 610 | 1 | |a дистанционное образование | |
| 610 | 1 | |a смешанное обучение | |
| 610 | 1 | |a экономика | |
| 610 | 1 | |a хозяйственная деятельность | |
| 610 | 1 | |a экономическая наука | |
| 686 | |a У011я73 |2 rubbk | ||
| 700 | 1 | |a Барышева |b Г. А. |c экономист |c профессор Томского политехнического университета, доктор экономических наук |f 1961- |g Галина Анзельмовна |3 (RuTPU)RU\TPU\pers\25765 |9 11658 | |
| 712 | 0 | 2 | |a Национальный исследовательский Томский политехнический университет |b Институт социально-гуманитарных технологий |b Кафедра экономики |3 (RuTPU)RU\TPU\col\18375 |
| 801 | 2 | |a RU |b 63413507 |c 20220318 |g RCR | |
| 856 | 4 | |u https://design.lms.tpu.ru/course/view.php?id=2647 | |
| 942 | |c CF | ||